| Поле | Инд. | ПП | Название | Значение |
|---|---|---|---|---|
| Тип записи | a | |||
| Библиографический уровень | b | |||
| 001 | Контрольный номер | RU/IS/BASE/421779155 | ||
| 005 | Дата корректировки | 20220131132400.4 | ||
| 008 | Кодируемые данные | 20130513 | ||
| 084 | a | Индекс другой классификации/Индекс ББК | 60.8 | |
| 100 | 1_ | a | Автор | Калинин А. М. |
| q | Полное имя | Калинин Алексей Михайлович | ||
| 100 | 1_ | a | Автор | Кудеркин Д. А. |
| q | Полное имя | Кудеркин Дмитрий Анатольевич | ||
| 100 | 1_ | a | Автор | Харитонов М. М. |
| q | Полное имя | Харитонов Михаил Михайлович | ||
| 245 | 10 | a | Заглавие | Ведомственные перечни государственных услуг (работ): проблемы формирования и использования |
| 500 | a | Примечание | Аннотация статьи на английском языке: с. 207 - 208 | |
| 504 | a | Библиография | Лит. | |
| 520 | 0_ | a | Аннотация | В ходе реформы государственных и муниципальных учреждений органы власти должны были сформировать перечни государственных услуг (работ), которые бы стали основой для формирования государственных заданий и нормативов затрат. В статье на примере выборки из 2/3 общего числа федеральных органов исполнительной власти рассмотрены особенности практики формирования перечней, выделены основные недостатки, предложены варианты решения проблем применения новой методологии управления объемами деятельности и затратами учреждений. |
| 650 | 04 | a | Основная рубрика | социальное управление |
| 653 | 0_ | a | Ключевые слова | ведомственные услуги |
| a | Ключевые слова | государственное задание | ||
| a | Ключевые слова | государственные услуги | ||
| a | Ключевые слова | государственные учреждения | ||
| a | Ключевые слова | качество услуг | ||
| a | Ключевые слова | муниципальное управление | ||
| a | Ключевые слова | муниципальные услуги | ||
| a | Ключевые слова | муниципальные учреждения | ||
| a | Ключевые слова | норматив затрат | ||
| a | Ключевые слова | Россия | ||
| a | Ключевые слова | финансирование ведомств | ||
| a | Ключевые слова | эффективность управления | ||
| 773 | 18 | t | Заглавие источника | Вопросы государственного и муниципального управления |
| d | Дата издания источника | 2012 | ||
| g | Прочая информация | № 4. - С. 84 - 97 : табл. | ||
| w | Контрольный № источника | RU/IS/BASE/414172742 | ||
| 901 | t | Тип документа | b |